Mittel- und Nordeuropäische Hauptstädte - Statistiken

Allgemein
  • Dieses Quiz wurde 278 mal gespielt
  • Das Durchschnittsergebnis liegt bei 13 aus 14
Antwortstatistiken
Hint Antwort % Korrekt
Deutschland Berlin
98%
Schweiz Bern
98%
Österreich Wien
98%
Island Rejkyavik
97%
Tschechien Prag
96%
Polen Warschau
96%
Ungarn Budapest
95%
Finnland Helsinki
95%
Norwegen Oslo
93%
Dänemark Kopenhagen
92%
Slowenien Ljubljana
92%
Liechtenstein Vaduz
92%
Schweden Stockholm
90%
Slowakei Bratislava
83%
Keine übereinstimmenden Quizze gefunden
Verteilung der Resultate
Anzahl Personen mit jedem Resultat
Perzentil nach korrekt beantworteten Fragen
Ihre Resultats-Entwicklung
Sie haben dieses Quiz noch nicht gespielt